LEADER 05710nam 22006975 450 001 996449445803316 005 20230303172953.0 010 $a3-11-026077-8 024 7 $a10.1515/9783110260779 035 $a(CKB)2550000001157360 035 $a(EBL)893468 035 $a(OCoLC)862936920 035 $a(SSID)ssj0001040632 035 $a(PQKBManifestationID)11632999 035 $a(PQKBTitleCode)TC0001040632 035 $a(PQKBWorkID)11001641 035 $a(PQKB)10798344 035 $a(MiAaPQ)EBC893468 035 $a(DE-B1597)171817 035 $a(OCoLC)865141222 035 $a(DE-B1597)9783110260779 035 $z(PPN)202071995 035 $a(oapen)https://directory.doabooks.org/handle/20.500.12854/74693 035 $a(PPN)182937666 035 $a(EXLCZ)992550000001157360 100 $a20190708d2013 fg 101 0 $ager 135 $aur|n|---||||| 181 $ctxt 182 $cc 183 $acr 200 00$aGallien in Spätantike und Frühmittelalter $eKulturgeschichte einer Region /$fGernot Michael Müller, Steffen Diefenbach 210 $aBerlin/Boston$cDe Gruyter$d2013 210 1$aBerlin ;$aBoston :$cDe Gruyter,$d[2013] 210 4$d©2013 215 $a1 online resource (504 p.) 225 0 $aMillennium-Studien / Millennium Studies ;$v43 300 $aConference proceedings in German, English, French, and Italian. 311 $a3-11-026005-0 311 $a1-306-09155-1 320 $aIncludes bibliographical references and index. 327 $tFrontmatter --$tInhaltsverzeichnis --$tAbkürzungsverzeichnis --$tEinleitung --$tI. RÖMER UND BARBAREN: POLITISCHE STRUKTUREN DES ZUSAMMENLEBENS UND STRATEGIEN DER INTEGRATION --$tLes relations entre les Wisigoths et le pouvoir romain de 411 à 439: Comment faut-il interpréter la politique des foedus et la logique de ses acteurs dans la Gaule de la première moitié du Ve siècle ap. J.-C.? /$rDelaplace, Christine --$tAdministrative Methods of Barbarian Settlement in the Fifth Century: The Definitive Account /$rGoffart, Walter --$tII. RÖMISCHE ELITEN IN GALLIEN: TRANSFORMATIONEN IDENTITÄRER BEZUGSFELDER --$tUn-becoming Roman /$rDrinkwater, John F. --$tSundered Aristocracies, New Kingdoms, and the End of the Western Empire /$rKulikowski, Michael --$t"Bischofsherrschaft" /$rDiefenbach, Steffen --$tIII. STÄDTISCHER RAUM UND IDENTITÄT: URBANER STRUKTURWANDEL IM SPÄTANTIKEN GALLIEN --$tDie spätantiken Städte Galliens: Transformationen von Stadtbildern als Ausdruck einer gewandelten Identität? /$rWitschel, Christian --$tLes chefs lieux de cités de Gaule méridionale aux Ve et VIe siècles: un espace urbain en mutation /$rGuyon, Jean --$tLost cities /$rLoseby, Simon T. --$tIV. ZWISCHEN AUßENSEITER UND RÖMISCHEM BÜRGER: ZUR MODELLIERUNG VON RANDGRUPPEN IM SPÄTANTIKEN GALLIEN --$tSalvian and the Bacaudae /$rLambert, David --$tUnrömische Römer und römische Barbaren /$rvon Rummel, Philipp --$tV. VERFAHREN UND KULTURELLE METHODEN KOLLEKTIVER IDENTITÄTSSTIFTUNG IN DEN BARBARISCHEN REGNA --$tSo-called Fictitious Trial in the Merovingian Placita /$rMurray, Alexander Callander --$tVI. HEIDNISCHE MODELLE UND CHRISTLICHE KULTUR: FUNKTIONSFELDER VON TRADITIONSBEZUG IN DER SPÄTANTIKEN LITERATUR --$tPicture and Poetry /$rVielberg, Meinolf --$tMito e politica nei Panegyrici di Sidonio Apollinare /$rBruzzone, Antonella --$tUn remodelage identitaire /$rBruggisser, Philippe --$tVII. LITERARISCHE KOMMUNIKATION IM SPÄTANTIKEN GALLIEN ZWISCHEN UNIVERSALER BILDUNGSTRADITION UND REGIONALISIERUNG --$tGallien als Literaturlandschaft /$rEigler, Ulrich --$tFreundschaften wider den Verfall /$rMüller, Gernot Michael --$tDesiderius of Cahors: Last of the Romans /$rMathisen, Ralph W. --$tOrts- und Namenregister --$tStellenregister 330 $aZwischen dem 5. und 7. Jh. n. Chr. erfasste den Westen des Imperium Romanum ein tiefgreifender Strukturwandel, der in der älteren Forschung weitgehend als durch die Einfälle barbarischer Völker induzierter Auflösungsprozess der römischen Ordnung angesehen wurde. In aktuellen Diskussionen wird hingegen betont, dass das Römische Reich der späten Kaiserzeit selbst starke Transformationstendenzen generierte, die einen langfristigen Prozess der Umstrukturierung in Gang setzten: Unter der vermeintlich einheitlichen Oberfläche eines umfassenden politischen und kulturellen Ordnungsrahmens kam es auch von innen heraus zu Veränderungen, durch die insbesondere auf regionaler Ebene Gruppenzugehörigkeiten und kulturelle Muster der kollektiven Identitätsbildung neu definiert wurden. Die Beiträge des kulturwissenschaftlich ausgerichteten Bandes wollen diesen Strukturwandel anhand der Region Gallien verdeutlichen, die ein quellenmäßig besonders gut bezeugtes Beispiel für diesen Transformationsprozess darstellt. Ihr Anliegen ist es dabei, historische und literaturwissenschaftliche Ansätze miteinander zu verbinden, um praxeologische wie diskursiv vermittelte Formen kollektiver Identitätsstiftung in ihrer wechselseitigen Bedingtheit zu analysieren. 410 0$aMillennium-Studien ;$vBd. 43. 606 $aMerovingians$vCongresses 607 $aGaul$xHistory$y58 B.C.-511 A.D$vCongresses 607 $aFrance$xHistory$yTo 987$vCongresses 610 $aGaul. 610 $aLate Antiquity. 615 0$aMerovingians 676 $a936.4 686 $aNH 7750$2rvk 700 $aDiefenbach$b Steffen$4edt$0697186 702 $aDiefenbach$b Steffen 702 $aMüller$b Gernot Michael 801 0$bDE-B1597 801 1$bDE-B1597 906 $aBOOK 912 $a996449445803316 996 $aGallien in Spätantike und Frühmittelalter$93025081 997 $aUNISA LEADER 09905nam a2201261 i 4500 001 991000626079707536 005 20020506134721.0 008 951016m1983 it 001 0 ita 035 $ab10728612-39ule_inst 035 $aEXGIL101732$9ExL 040 $aDip.to Lingue$bita 082 04$a207 100 1 $aPrástaro, Anna Maria$0274993 245 10$aCristianesimo e civiltà /$cAnna Maria Prastaro 260 $aLecce :$bUniversità degli studi,$c1983- 300 $av. ;$c24 cm 505 0 $gV. 1.:$tPer un profilo dell'uomo nella prima metà del '300 (Scoto, Marsilio da Padova, Buridano) ; Il Francesco d'Assisi della Legenda maior di Bonaventura da Bagnoregio. - 1983.$g- 238 p. 505 0 $gV. 2.:$tEsperienza benedettina ed esperienza francescana. - stampa 1985.$g- 258 p. 505 0 $gV. 3.:$tTra '800 e '900: storia e società. - 1985.$g- 279 p. 505 0 $gV. 4.:$tLiturgia e teologia. - 1986.$g- 348 p. 505 0 $gV. 5.:$tS[an] Giuseppe da Copertino: francescanesimo, antropologia, storia. - 1987.$g- 249 p., [9] p. di tav. 505 0 $gV. 6.:$tPietro e Paolo 505 0 $gV. 7.:$tDal Damasceno e il Concilio 2. di Nicea (787) alla storia di Cirillo (Costantino) e Metodio (11. sec.). - stampa 1990.$g- 258 p. 505 0 $gV. 8.:$tKarl Rahner : i Gesuiti, il Concilio e la filosofia cristiana. - stampa 1990.$g- 202 p. 505 0 $gV. 9.:$tOrigine dell'uomo e trasformismo biologico.$g- 203 p. 505 0 $gV. 10.:$tS[ant'] Ignazio e il suo tempo : dall'Umanesimo e Rinascimento alla Riforma e al Concilio di Trento. - 1992.$g- vi, 332 p. 505 0 $gV. 11.:$tS[ant'] Ignazio e i suoi Esercizi spirituali attraverso la teologia dei nostri giorni e la spiritualità del suo tempo. - stampa 1992.$g- 228 p. 505 0 $gV. 12.:$tFrancescanesimo : missioni e teologia della liberazione. - 1993.$g- 287 p. 505 0 $gV. 13.: La$tcristologia dei sinottici e del Vangelo di Giovanni. - stampa 1993.$g- 237 p. 505 0 $gV. 14.:$tPersonalismo cristiano ed encicliche papali da Leone 13. a Pio 12.. - 1993.$g- 353 p. 505 0 $gV. 15.:$tProfilo di Papa Giovanni 23.. - 1993.$g- 226 p. 505 0 $gV. 16.: Il$tVaticano 2., Paolo 6., Giovanni Paolo 2.$g- 364 p. 505 0 $gV. 17.:$tVita di Gesù : nascita e infanzia tra teologia e storia. - 1995.$g- 226 p. 505 0 $gV. 18.:$tFrancescanesimo ed etnologia : G. Massaja, cappuccino nei paesi Galla (Alta Etiopia). - 1995.$g- 401 p. 505 0 $gV. 19.:$tAgiografia e storia : l'origine del culto dei santi : s. Cirillo e il ritrovamento delle reliquie di s. Clemente in Krimea. - 1996.$g- 233 p. 505 0 $gV. 20.:$tFondamenti della storia cristiana. - c1995.$g- 139 p. 505 0 $gV. 21.:$tFrancescanesimo : bAntonio da Padova. - c1996.$g- [62] p. 505 0 $gV. 24.:$tFondamenti del pensiero cristiano. - 1999.$g- 162 p. 600 04$aGiuseppe :$cda Copertino 600 04$aCirillo$c$xBiografia 600 04$aGiovanni :$cDamasceno$xOpere 600 04$aMetodio$c$xBiografia 600 14$aRahner, Karl$xPensiero religioso 600 04$aIgnazio :$cdi Loyola 611 24$aConcilio di Nicea$n<2. ;$d787> 650 4$aCristianesimo$xStoria 650 4$aCristianesimo$xStudi 650 4$aUomo$xConcezione cristiana 650 4$aCristianesimo$xStoria$ySec. 15.-16. 650 4$aFrancescanesimo$xStoria 650 4$aEncicliche papali 907 $a.b10728612$b02-04-14$c28-06-02 912 $a991000626079707536 945 $aLE019 A 904$cV. 15.$g1$i2019000046152$lle019$o-$pE0.00$q-$rl$s- $t0$u0$v0$w0$x0$y.i1439926x$z16-03-07 945 $aLE002 St. XIII L 1/I$g1$i2002000703552$lle002$o-$pE0.00$q-$rl$s- $t0$u6$v0$w6$x0$y.i10650817$z27-06-02 945 $aLE002 St. XIII L 1/II$g1$i2002000703576$lle002$o-$pE0.00$q-$rl$s- $t0$u0$v0$w0$x0$y.i10463604$z27-06-02 945 $aLE002 St. XIII L 1/III$g1$i2002000703590$lle002$o-$pE0.00$q-$rl$s- $t0$u1$v0$w1$x0$y.i10787458$z28-06-02 945 $aLE002 St. XIII L 1/IV$g1$iLE002-17584N$lle002$o-$pE0.00$q-$rl$s- $t0$u0$v0$w0$x0$y.i10572867$z27-06-02 945 $aLE002 St. XIII L 1/IV, 1/IV bis$g1$i2002000703583$lle002$o-$pE0.00$q-$rl$s- $t0$u0$v0$w0$x0$y.i10572879$z27-06-02 945 $aLE002 St. XIII L 1/V$g1$i2002000703309$lle002$o-$pE0.00$q-$rl$s- $t0$u0$v0$w0$x0$y.i10721885$z28-06-02 945 $aLE002 Fil. XVI L 26$g1$i2002000549228$lle002$o-$pE0.00$q-$rl$s- $t0$u0$v0$w0$x0$y.i10413704$z27-06-02 945 $aLE002 St. XIII L 1/VII$g2$i2002000703569$lle002$o-$pE0.00$q-$rl$s- $t0$u1$v0$w1$x0$y.i10413716$z27-06-02 945 $aLE002 Fil. XVI L 27$g1$i2002000549235$lle002$o-$pE0.00$q-$rl$s- $t0$u1$v0$w1$x0$y.i10548580$z27-06-02 945 $aLE002 St. XIII L 1/VIII$g2$i2002000703293$lle002$o-$pE0.00$q-$rl$s- $t0$u1$v0$w1$x0$y.i10548592$z27-06-02 945 $aLE002 Fil. XVI L 28$g1$i2002000549242$lle002$o-$pE0.00$q-$rl$s- $t0$u0$v0$w0$x0$y.i10634927$z27-06-02 945 $aLE002 St. XIII L 1/IX$g2$i2002000704405$lle002$o-$pE0.00$q-$rl$s- $t0$u0$v0$w0$x0$y.i10634939$z27-06-02 945 $aLE002 St. XIII L 1/X$g1$i2002000703286$lle002$o-$pE0.00$q-$rl$s- $t0$u0$v0$w0$x0$y.i10722373$z28-06-02 945 $aLE002 Fil. X H 29$g1$i2002000533876$lle002$o-$pE0.00$q-$rl$s- $t0$u0$v0$w0$x0$y.i1072235x$z28-06-02 945 $aLE002 St. XIII L 1/XI$g2$i2002000703385$lle002$o-$pE0.00$q-$rl$s- $t0$u0$v0$w0$x0$y.i10722361$z28-06-02 945 $aLE002 St. XIII L 1/XII$g1$i2002000703378$lle002$o-$pE0.00$q-$rl$s- $t0$u0$v0$w0$x0$y.i10489113$z27-06-02 945 $aLE002 Fil. XVIII A 26$g1$i2002000550415$lle002$o-$pE0.00$q-$rl$s- $t0$u0$v0$w0$x0$y.i10406505$z27-06-02 945 $aLE002 St. XIII L 1/XIII$g2$i2002000703361$lle002$o-$pE0.00$q-$rl$s- $t0$u0$v0$w0$x0$y.i10406517$z27-06-02 945 $aLE002 St. XIII L 1/XIV$g1$i2002000703354$lle002$o-$pE0.00$q-$rl$s- $t0$u1$v0$w1$x0$y.i10652589$z27-06-02 945 $aLE002 St. XIII L 1/XV$g1$i2002000703347$lle002$o-$pE0.00$q-$rl$s- $t0$u2$v0$w2$x0$y.i10681061$z27-06-02 945 $aLE002 St. XIII L 1/XVI$g1$i2002000703330$lle002$o-$pE0.00$q-$rl$s- $t0$u1$v0$w1$x0$y.i10804262$z28-06-02 945 $aLE002 St. XIII L 1/XVII$g1$i2002000703323$lle002$o-$pE0.00$q-$rl$s- $t0$u0$v0$w0$x0$y.i10813494$z28-06-02 945 $aLE002 St. XIII L 1/XVIII$g1$i2002000703316$lle002$o-$pE0.00$q-$rl$s- $t0$u0$v0$w0$x0$y.i10489149$z27-06-02 945 $aLE002 Fotoc. 126$g1$iLE002-20410N$lle002$o-$pE0.00$q-$rl$s- $t0$u0$v0$w0$x0$y.i10315950$z27-06-02 945 $aLE002 St. XIII L 1/XX$g1$i2002000703750$lle002$o-$pE0.00$q-$rl$s- $t0$u0$v0$w0$x0$y.i10484826$z27-06-02 945 $aLE002 St. XIII L 1/XXI$g1$i2002000001115$lle002$o-$pE0.00$q-$rl$s- $t0$u0$v0$w0$x0$y.i10489101$z27-06-02 945 $aLE002 St. XIII L 1/XXIV$g1$i2002000010889/P92$lle002$o-$pE0.00$q-$rl$s- $t0$u0$v0$w0$x0$y.i10484644$z27-06-02 945 $aLE012 200 PRA 2$cV. 3$g1$i2012000169852$lle012$o-$pE0.00$q-$rl$s- $t0$u0$v0$w0$x0$y.i12959364$z13-11-03 945 $aLE012 200 PRA 10$cV. 1$g1$i2012000169845$lle012$o-$pE0.00$q-$rl$s- $t0$u0$v0$w0$x0$y.i12959376$z13-11-03 945 $aLE012 200 PRA 1$cV. 2$g1$i2012000169739$lle012$o-$pE0.00$q-$rl$s- $t0$u0$v0$w0$x0$y.i12959352$z13-11-03 945 $aLE009 STOR.43-13$cV. 1$g1$i2009000201590$lle009$o-$pE0.00$q-$rl$s- $t0$u0$v0$w0$x0$y.i13265246$z16-04-04 945 $aLE009 STOR.43-13a$cV. 2$g1$i2009000201613$lle009$o-$pE0.00$q-$rl$s- $t0$u0$v0$w0$x0$y.i13265258$z16-04-04 945 $aLE009 STOR.43-13a/bis$cV. 2$g2$i2009000201705$lle009$o-$pE0.00$q-$rl$s- $t0$u0$v0$w0$x0$y.i1326526x$z16-04-04 945 $aLE009 STOR.43-13e$cV. 4$g1$i2009000201606$lle009$o-$pE0.00$q-$rl$s- $t0$u0$v0$w0$x0$y.i13265234$z16-04-04 945 $aLE009 STOR.44-34$g1$i2009000200449$lle009$o-$pE0.00$q-$rl$s- $t0$u0$v0$w0$x0$y.i12547700$z15-07-03 945 $aLE009 STOR.42-94$g1$i2009000205093$lle009$o-$pE0.00$q-$rl$s- $t0$u0$v0$w0$x0$y.i12547591$z15-07-03 945 $aLE009 STOR.42-94bis$g1$i2009000205109$lle009$o-$pE0.00$q-$rl$s- $t0$u0$v0$w0$x0$y.i12547608$z15-07-03 945 $aLE009 STOR.47-38$g1$i2009000205246$lle009$o-$pE0.00$q-$rl$s- $t0$u0$v0$w0$x0$y.i12548054$z15-07-03 945 $aLE009 STOR.47-38bis$g2$i2009000205253$lle009$o-$pE0.00$q-$rl$s- $t0$u0$v0$w0$x0$y.i12548066$z15-07-03 945 $aLE009 STOR.42-95$g1$i2009000205130$lle009$o-$pE0.00$q-$rl$s- $t0$u0$v0$w0$x0$y.i12547633$z15-07-03 945 $aLE009 STOR.42-95bis$g2$i2009000205123$lle009$o-$pE0.00$q-$rl$s- $t0$u0$v0$w0$x0$y.i12547645$z15-07-03 945 $aLE009 STOR.40-54$g1$i2009000205437$lle009$o-$pE0.00$q-$rl$s- $t0$u0$v0$w0$x0$y.i1148956x$z01-07-02 945 $aLE009 STOR.40-73$g1$i2009000205420$lle009$o-$pE0.00$q-$rl$s- $t0$u0$v0$w0$x0$y.i12547578$z15-07-03 945 $aLE009 STOR.37-23$g1$i2009000205413$lle009$o-$pE0.00$q-$rl$s- $t0$u0$v0$w0$x0$y.i1254758x$z15-07-03 945 $aLE009 STOR.42-91$g1$i2009000095038$lle009$o-$pE0.00$q-$rl$s- $t0$u0$v0$w0$x0$y.i12542908$z07-07-03 945 $aLE009 STOR.46-21$g1$i2009000200456$lle009$o-$pE0.00$q-$rl$s- $t0$u0$v0$w0$x0$y.i12547694$z15-07-03 945 $aLE009 STOR.46-21a$g1$i2009000200470$lle009$o-$pE0.00$q-$rl$s- $t0$u0$v0$w0$x0$y.i12547669$z15-07-03 945 $aLE009 STOR.46-21b$g1$i2009000200463$lle009$o-$pE0.00$q-$rl$s- $t0$u0$v0$w0$x0$y.i12547682$z15-07-03 945 $aLE009 STOR.42-92$g1$i2009000205116$lle009$o-$pE0.00$q-$rl$s- $t0$u0$v0$w0$x0$y.i12547621$z15-07-03 945 $aLE009 STOR.43-132$g1$i2009000200586$lle009$o-$pE0.00$q-$rl$s- $t0$u0$v0$w0$x0$y.i12547657$z15-07-03 945 $aLE009 STOR.43-13B$cV. 3$g1$i2009000359932$lle009$o-$pE0.00$q-$rl$s- $t0$u0$v0$w0$x0$y.i14133283$z06-10-05 996 $aCristianesimo e civiltà$9912513 997 $aUNISALENTO 998 $ale019$a(27)le002$a(3)le012$a(21)le009$b01-01-95$cm$da $ew$fita$git $h0$i52